Loading...
| Current Events | 3 | 26.67 | 100% | 100% | 67% |
| Fine Arts - Classical Music | 5 | 8.00 | 80% | 0% | 0% |
| Fine Arts - Other | 3 | 10.00 | 100% | 0% | 0% |
| Fine Arts - Painting and Sculpture | 3 | 23.33 | 67% | 100% | 67% |
| Geography | 2 | 20.00 | 50% | 100% | 50% |
| History - American | 3 | 23.33 | 100% | 67% | 67% |
| History - European | 3 | 30.00 | 100% | 100% | 100% |
| History - Other | 4 | 27.50 | 100% | 100% | 75% |
| History - World | 5 | 26.00 | 100% | 100% | 60% |
| Literature - American | 3 | 20.00 | 100% | 67% | 33% |
| Literature - British | 4 | 12.50 | 100% | 25% | 0% |
| Literature - European | 6 | 16.67 | 100% | 67% | 0% |
| Literature - World | 7 | 14.29 | 71% | 57% | 14% |
| Mythology | 4 | 17.50 | 100% | 75% | 0% |
| Philosophy | 3 | 10.00 | 67% | 33% | 0% |
| Popular Culture | 2 | 25.00 | 100% | 100% | 50% |
| Religion | 5 | 18.00 | 80% | 80% | 20% |
| Science - Biology | 5 | 14.00 | 80% | 60% | 0% |
| Science - Chemistry | 1 | 0.00 | 0% | 0% | 0% |
| Science - Other | 6 | 8.33 | 50% | 33% | 0% |
| Science - Physics | 5 | 8.00 | 80% | 0% | 0% |
| Social Science | 3 | 13.33 | 100% | 33% | 0% |